[Event "II C.to Europeo seniores"]
[Site "Saint Vincent - Chatillon ITA"]
[Date "2002.10.04"]
[Round "7"]
[White "Kock, Hans-Uwe"]
[Black "Litvinov, Vladimir"]
[Result "1/2-1/2"]
[WhiteElo "2207"]
[BlackElo "2390"]
[PlyCount "159"]
[EventDate "2002.09.28"]

1. d4 d5 2. Nf3 Nf6 3. c4 c6 4. e3 a6 5. Nc3 b5 6. cxd5 cxd5 7. Bd3 Bb7 8. O-O
e6 9. Bd2 Nbd7 10. Qe2 Be7 11. Rfc1 O-O 12. Be1 Re8 13. Rc2 Bd6 14. Qf1 Qe7 15.
Ne2 Ne4 16. Rac1 f5 17. Nd2 Rf8 18. f4 Nxd2 19. Bxd2 Nf6 20. Nc3 Kh8 21. Nd1
Rg8 22. Kh1 g5 23. g3 Ne4 24. Bxe4 fxe4 25. Ba5 Rac8 26. Qe2 Rxc2 27. Rxc2 Qf7
28. Nf2 gxf4 29. exf4 Qg7 30. Nh3 Rc8 31. Rxc8+ Bxc8 32. Qh5 Bd7 33. Qg5 Be7
34. Qe5 Bf6 35. Qb8+ Qg8 36. Qc7 Qc8 37. Qxc8+ Bxc8 38. Bb6 Kg7 39. Nf2 Bd7 40.
Nd1 Be8 41. Ne3 Bh5 42. g4 Be8 43. Kg2 h6 44. Kg3 Be7 45. Bc7 Bb4 46. Kf2 Bd2
47. Ke2 Bc1 48. b3 Bb2 49. Be5+ Kh7 50. Kd2 a5 51. Kc2 Ba3 52. Bc7 Bb4 53. Kd1
Bc3 54. Be5 b4 55. Nc2 h5 56. h3 Bb5 57. Bc7 a4 58. Bd6 axb3 59. axb3 h4 60.
Be7 Bf1 61. Bxh4 Bxh3 62. g5 Bg4+ 63. Kc1 Kg6 64. Be1 Bxe1 65. Nxe1 Kf5 66. Nc2
Bh5 67. Nxb4 Kxf4 68. Kd2 e3+ 69. Ke1 Kxg5 70. Na6 Kf5 71. b4 e5 72. b5 exd4
73. Nb4 d3 74. Nxd3 d4 75. b6 Bf3 76. Nc5 Ke5 77. b7 Bxb7 78. Nxb7 d3 79. Nc5
Kd4 80. Nxd3 1/2-1/2

[Event "II C.to Europeo seniores"]
[Site "Saint Vincent - Chatillon ITA"]
[Date "2002.10.04"]
[Round "7"]
[White "Kraidman, Yair"]
[Black "Gerenski, Hristo"]
[Result "1-0"]
[WhiteElo "2324"]
[BlackElo "2264"]
[PlyCount "61"]
[EventDate "2002.09.28"]

1. d4 f5 2. Nf3 Nf6 3. g3 e6 4. Bg2 Be7 5. c4 c6 6. Qc2 O-O 7. O-O d5 8. Nbd2
Ne4 9. b3 b6 10. Bb2 Bb7 11. Ne5 Bd6 12. Ndf3 Qe7 13. a3 a5 14. Rfc1 c5 15. e3
Na6 16. Nd3 Rac8 17. Nfe5 Rfd8 18. f3 Nf6 19. Qe2 Qe8 20. a4 Nb4 21. dxc5 bxc5
22. Nxb4 axb4 23. Qf2 Bxe5 24. Bxe5 dxc4 25. bxc4 Qc6 26. a5 Rd7 27. Rd1 Rcd8
28. Rxd7 Rxd7 29. Qa2 Ba6 30. Kf2 Ng4+ 31. fxg4 1-0

[Event "II C.to Europeo seniores"]
[Site "Saint Vincent - Chatillon ITA"]
[Date "2002.10.04"]
[Round "7"]
[White "Lapienis, Donatas P."]
[Black "Bukal, Vladimir sr"]
[Result "0-1"]
[WhiteElo "2287"]
[BlackElo "2425"]
[PlyCount "76"]
[EventDate "2002.09.28"]

1. d4 d5 2. c4 c6 3. Nf3 Nf6 4. Nc3 a6 5. e3 b5 6. b3 Bf5 7. Be2 e6 8. O-O Nbd7
9. Bb2 Bd6 10. cxd5 cxd5 11. a4 b4 12. Nb1 Ne4 13. Bd3 Qf6 14. Ra2 Qh6 15. g3
f6 16. Ba1 O-O 17. Nh4 Bh3 18. Ng2 f5 19. f4 Ndf6 20. Be2 Bg4 21. Nd2 Bxe2 22.
Qxe2 Nc3 23. Bxc3 bxc3 24. Nf3 Rfb8 25. Rb1 Qh5 26. Nge1 Ne4 27. Kf1 a5 28. Nd3
Rb6 29. Nf2 Rab8 30. Nxe4 fxe4 31. Ng5 Qxe2+ 32. Kxe2 Rxb3 33. Rxb3 Rxb3 34.
Kd1 Rb1+ 35. Kc2 Re1 36. Kxc3 Bb4+ 37. Kc2 Rxe3 38. Nxe6 Re2+ 0-1

[Event "II C.to Europeo seniores"]
[Site "Saint Vincent - Chatillon ITA"]
[Date "2002.10.04"]
[Round "7"]
[White "Ljubarskij, Juri"]
[Black "Boey, Josef Martin"]
[Result "0-1"]
[WhiteElo "2329"]
[BlackElo "2268"]
[PlyCount "76"]
[EventDate "2002.09.28"]

1. e4 e5 2. Nf3 Nc6 3. Bb5 f5 4. d3 Nf6 5. O-O fxe4 6. dxe4 d6 7. Nc3 Be7 8.
Qd3 O-O 9. Bxc6 bxc6 10. Qc4+ Kh8 11. Qxc6 Rb8 12. Qc4 c6 13. Qxc6 Rb4 14. Nd5
Nxd5 15. exd5 Bb7 16. Qc3 Rb5 17. Rd1 Bxd5 18. Ne1 Rc5 19. Qh3 Be4 20. Qb3 Qc8
21. Be3 Rc7 22. Rd2 d5 23. c3 Bg6 24. Qxd5 Rd8 25. Qxe5 Rxd2 26. Bxd2 Bf6 27.
Qa5 Rb7 28. b3 Rd7 29. Nf3 Be4 30. Nd4 Rxd4 31. Bf4 Qg4 32. f3 Bxf3 33. Bg3 Rd2
34. Re1 Rxg2+ 35. Kf1 Bc6 36. Re3 Qd1+ 37. Be1 Qc2 38. Qd5 Bxd5 0-1

[Event "II C.to Europeo seniores"]
[Site "Saint Vincent - Chatillon ITA"]
[Date "2002.10.04"]
[Round "7"]
[White "MacDonald-Ross, Michael"]
[Black "Asmundsson, Ingvar"]
[Result "1-0"]
[WhiteElo "2169"]
[BlackElo "2338"]
[PlyCount "127"]
[EventDate "2002.09.28"]

1. d4 d5 2. Nf3 c6 3. c4 e6 4. Nbd2 f5 5. g3 Nf6 6. Bg2 Bd6 7. O-O O-O 8. b3 b6
9. Bb2 Bb7 10. e3 Qe7 11. Ne1 a5 12. Nd3 Na6 13. a3 Ne4 14. Nf3 Nb8 15. Nfe5
Nd7 16. f3 Nef6 17. Qd2 c5 18. Rfc1 Rfc8 19. Rc2 a4 20. b4 cxd4 21. exd4 dxc4
22. Nxc4 Bd5 23. Nxd6 Qxd6 24. Rac1 Bb7 25. Rxc8+ Rxc8 26. Rxc8+ Bxc8 27. b5
Bb7 28. Qc2 Nd5 29. Qxa4 Ne3 30. Qb4 Qxb4 31. Nxb4 Nf6 32. Bc1 Nxg2 33. Kxg2
Nd5 34. Na2 Kf7 35. a4 Ke8 36. Kf2 Kd7 37. Ke2 Kc7 38. Bd2 Bc8 39. Nc1 Bd7 40.
Nd3 Be8 41. Ne5 Kb7 42. Kd3 Kc7 43. Kc4 Kb7 44. a5 Nc7 45. a6+ Ka8 46. Nc6 Nxa6
47. Bf4 Kb7 48. Nd8+ Kc8 49. Nxe6 Bf7 50. d5 Nc5 51. Nxc5 bxc5 52. Kxc5 Bh5 53.
Be5 Bxf3 54. Bxg7 Kd7 55. Be5 Be2 56. Bf4 Bf1 57. b6 Ba6 58. Kd4 Bc8 59. Ke5
Ke7 60. Bg5+ Kd7 61. Bh6 Ke7 62. h4 Kd7 63. Kxf5 Kd6+ 64. Ke4 1-0

[Event "II C.to Europeo seniores"]
[Site "Saint Vincent - Chatillon ITA"]
[Date "2002.10.04"]
[Round "7"]
[White "Neese, Hans-Joachim"]
[Black "Arkhangelsky, Boris"]
[Result "1/2-1/2"]
[WhiteElo "2218"]
[BlackElo "2406"]
[PlyCount "105"]
[EventDate "2002.09.28"]

1. d4 d5 2. c4 e6 3. Nf3 c6 4. Nc3 dxc4 5. a4 Bb4 6. e3 b5 7. Bd2 a5 8. Ne5 Bb7
9. Qf3 Qe7 10. Be2 Nf6 11. Qg3 O-O 12. f3 Nbd7 13. O-O Rfd8 14. Rfd1 Nxe5 15.
Qxe5 Bd6 16. Qg5 b4 17. Nb1 c5 18. Bxc4 cxd4 19. e4 e5 20. Be1 Nd5 21. Qxe7
Nxe7 22. Nd2 Rdc8 23. Rdc1 Kf8 24. Bg3 Ng6 25. Nb3 Ke7 26. Rc2 Nf8 27. Rac1 Nd7
28. Bb5 Rxc2 29. Rxc2 Nb6 30. Kf1 g6 31. Ke2 f5 32. Kd3 fxe4+ 33. fxe4 g5 34.
h3 Ra7 35. Nd2 Ba6 36. Rc6 Nxa4 37. Bxa6 Rxa6 38. Rxa6 Nc5+ 39. Kc4 Nxa6 40.
Kb5 Nc5 41. Kxa5 Nd3 42. b3 h5 43. Kb5 Ke6 44. Nf3 Be7 45. Kc4 Nb2+ 46. Kb5 g4
47. hxg4 hxg4 48. Nh2 Nd1 49. Nxg4 Nc3+ 50. Kc4 Nxe4 51. Bxe5 Nd2+ 52. Kd3 Nxb3
53. Bxd4 1/2-1/2

[Event "II C.to Europeo seniores"]
[Site "Saint Vincent - Chatillon ITA"]
[Date "2002.10.04"]
[Round "7"]
[White "Trifunovic, Dusan"]
[Black "Kaminik, Aleksandar"]
[Result "1/2-1/2"]
[WhiteElo "2002"]
[BlackElo "2212"]
[PlyCount "20"]
[EventDate "2002.09.28"]

1. e4 e6 2. d4 d5 3. exd5 exd5 4. Bd3 Bd6 5. c3 Ne7 6. Nf3 Bf5 7. Qc2 Bxd3 8.
Qxd3 Qd7 9. O-O O-O 10. Nbd2 Qf5 1/2-1/2

[Event "II C.to Europeo seniores"]
[Site "Saint Vincent - Chatillon ITA"]
[Date "2002.10.05"]
[Round "8"]
[White "Chernikov, Oleg L."]
[Black "Kraidman, Yair"]
[Result "1/2-1/2"]
[WhiteElo "2464"]
[BlackElo "2324"]
[PlyCount "101"]
[EventDate "2002.09.28"]

1. d4 Nf6 2. Nf3 g6 3. c4 Bg7 4. Nc3 d5 5. Bg5 Ne4 6. cxd5 Nxg5 7. Nxg5 e6 8.
Nf3 exd5 9. b4 O-O 10. Qb3 c6 11. e3 Qe7 12. Be2 Bg4 13. O-O Nd7 14. b5 Nb6 15.
Rfe1 Rac8 16. Rad1 Rc7 17. Na4 Nc8 18. bxc6 bxc6 19. Nc5 Nd6 20. h3 Bxf3 21.
Bxf3 Re8 22. Rc1 Rcc8 23. Be2 Rb8 24. Qa4 Rb6 25. Bd3 f5 26. Qa5 Nc8 27. Bc2
Qd6 28. Na4 Qb4 29. Qxb4 Rxb4 30. Bb3 Ne7 31. Nb2 Rb6 32. Nd3 Kf7 33. Rc5 Ke6
34. Ra5 Ra8 35. g4 Kd6 36. Kg2 Bf6 37. Bc2 Rb7 38. Nc5 Rb6 39. gxf5 gxf5 40.
Kf3 h6 41. Nd3 Rb7 42. Rg1 Rf8 43. Ra6 Ra8 44. Nf4 Bg5 45. Bb3 Rb6 46. Ra5 Rb7
47. Bc2 Rf8 48. Bd3 Rf6 49. Ra6 Bxf4 50. Kxf4 Ng6+ 51. Kf3 1/2-1/2

[Event "II C.to Europeo seniores"]
[Site "Saint Vincent - Chatillon ITA"]
[Date "2002.10.05"]
[Round "8"]
[White "Gerenski, Hristo"]
[Black "Hocevar, Nikola"]
[Result "1/2-1/2"]
[WhiteElo "2264"]
[BlackElo "2113"]
[PlyCount "36"]
[EventDate "2002.09.28"]

1. d4 d5 2. c4 e6 3. Nc3 Nf6 4. Nf3 Nbd7 5. e3 c6 6. Qc2 Be7 7. b3 b6 8. cxd5
cxd5 9. Bd3 Bb7 10. O-O Rc8 11. Bb2 Ne4 12. Bxe4 dxe4 13. Nd2 Nf6 14. Qd1 O-O
15. Qe2 Bb4 16. Rac1 Bxc3 17. Rxc3 Rxc3 18. Bxc3 Qd5 1/2-1/2

[Event "II C.to Europeo seniores"]
[Site "Saint Vincent - Chatillon ITA"]
[Date "2002.10.05"]
[Round "8"]
[White "Gruzmann, Boris"]
[Black "Csom, Istvan"]
[Result "1/2-1/2"]
[WhiteElo "2263"]
[BlackElo "2448"]
[PlyCount "81"]
[EventDate "2002.09.28"]

1. e4 c5 2. Nf3 Nc6 3. d4 cxd4 4. Nxd4 Qb6 5. Nb3 e6 6. Bd3 Nf6 7. Nc3 d6 8.
O-O a6 9. Be3 Qc7 10. f4 b5 11. Qf3 Bb7 12. a3 Be7 13. Rae1 b4 14. axb4 Nxb4
15. Qg3 h5 16. e5 h4 17. Qxg7 Rg8 18. exf6 Rxg7 19. fxg7 Kd7 20. Bh7 Bf6 21.
g8=Q Rxg8 22. Bxg8 Nxc2 23. Bxf7 Qc6 24. Re2 Nxe3 25. Rf3 Ke7 26. Bxe6 Kxe6 27.
Rfxe3+ Kf7 28. Ne4 Qb6 29. Nxf6 Kxf6 30. Nd2 Bd5 31. b3 Qd4 32. g3 h3 33. Kf2
Kf5 34. Nf3 Bxf3 35. Kxf3 Qd5+ 36. Kf2 Qh1 37. g4+ Kxg4 38. Rg3+ Kxf4 39. Rxh3
Qd5 40. Ree3 Qd2+ 41. Re2 1/2-1/2

[Event "II C.to Europeo seniores"]
[Site "Saint Vincent - Chatillon ITA"]
[Date "2002.10.05"]
[Round "8"]
[White "Kaminik, Aleksandar"]
[Black "Ljubarskij, Juri"]
[Result "0-1"]
[WhiteElo "2212"]
[BlackElo "2329"]
[PlyCount "88"]
[EventDate "2002.09.28"]

1. d4 f5 2. g3 Nf6 3. Bg2 e6 4. c4 Be7 5. Nc3 O-O 6. e4 fxe4 7. Nxe4 Nxe4 8.
Bxe4 d5 9. Bg2 Nc6 10. Nf3 Bf6 11. O-O dxc4 12. Be3 e5 13. dxe5 Nxe5 14. Nxe5
Bxe5 15. Bd5+ Kh8 16. Bc5 Bxb2 17. Rb1 c3 18. Bxf8 Qxf8 19. Be4 Bf5 20. Bxf5
Qxf5 21. Qb3 b6 22. Rbe1 Rf8 23. Re2 h6 24. Rfe1 a5 25. Qc4 Qf7 26. Qd3 Ba3 27.
f4 Bb4 28. Rd1 Qf5 29. Kg2 Qxd3 30. Rxd3 Rf6 31. Kf3 Rc6 32. Rc2 Kg8 33. Rd7
Bd6 34. Ke4 b5 35. Kd3 b4 36. Re2 h5 37. Kc2 Kh7 38. Rd8 Kg6 39. Ra8 Rc5 40.
Kb3 Kf5 41. Rc2 Ke4 42. a4 Kd3 43. Rg8 Rd5 44. Re8 c5 0-1

[Event "II C.to Europeo seniores"]
[Site "Saint Vincent - Chatillon ITA"]
[Date "2002.10.05"]
[Round "8"]
[White "Karl, Hans"]
[Black "Villing, Dieter"]
[Result "1/2-1/2"]
[WhiteElo "2282"]
[BlackElo "2159"]
[PlyCount "112"]
[EventDate "2002.09.28"]

1. d4 Nf6 2. c4 d6 3. Nc3 Nbd7 4. e4 e5 5. d5 Be7 6. Bd3 Nc5 7. Bc2 a5 8. Nge2
Ng4 9. h3 Nf6 10. Ng3 h5 11. Be3 g6 12. Qd2 h4 13. Nge2 Nh5 14. O-O-O b6 15. f4
exf4 16. Nxf4 Nxf4 17. Bxf4 Rh5 18. Rde1 Kf8 19. e5 Bf5 20. Rhf1 Bxc2 21. Kxc2
Kg8 22. e6 f5 23. Rg1 Kh7 24. g4 hxg3 25. Rxg3 Bh4 26. Reg1 Bxg3 27. Rxg3 Qh4
28. b3 Rg8 29. Qe3 Qe7 30. Bg5 Qg7 31. h4 Qe5 32. Rf3 Kg7 33. Qg1 Ne4 34. Re3
Rgh8 35. Nxe4 fxe4 36. Qg4 Qf5 37. Qxe4 Re8 38. Kd3 Rhh8 39. Qxf5 gxf5 40. Rg3
Kh7 41. Ke3 Rhg8 42. Kf4 Rgf8 43. h5 Rg8 44. Kxf5 Ref8+ 45. Ke4 Rf1 46. e7 Re1+
47. Kf4 Rf1+ 48. Ke4 Re1+ 49. Kf4 Re2 50. Re3 Rxe3 51. Kxe3 Kg7 52. Kf4 Kf7 53.
Kf5 Rh8 54. Kg4 Rg8 55. Kf5 Rh8 56. Kg4 Rg8 1/2-1/2

[Event "II C.to Europeo seniores"]
[Site "Saint Vincent - Chatillon ITA"]
[Date "2002.10.05"]
[Round "8"]
[White "Khanukov, Boris"]
[Black "Planas Ferret, Rosendo"]
[Result "1-0"]
[WhiteElo "2354"]
[BlackElo "2208"]
[PlyCount "173"]
[EventDate "2002.09.28"]

1. d4 d5 2. c4 e6 3. Nc3 c5 4. cxd5 exd5 5. Nf3 Nc6 6. g3 Nf6 7. Bg2 Be7 8. O-O
O-O 9. Bg5 cxd4 10. Nxd4 h6 11. Be3 Re8 12. Rc1 Bg4 13. h3 Be6 14. Kh2 Qd7 15.
Qd2 Bf8 16. f4 Rad8 17. Rcd1 Qe7 18. Bg1 g6 19. Qc2 Bg7 20. Rfe1 a6 21. Qb3 Na5
22. Qc2 Nc6 23. Qa4 Nxd4 24. Bxd4 Bd7 25. Qc2 Bc6 26. a3 Qe6 27. b4 Ne4 28. e3
Rc8 29. Bxg7 Kxg7 30. Nxe4 dxe4 31. Qb2+ Kg8 32. Rd4 Rcd8 33. Red1 Rxd4 34.
Rxd4 Re7 35. Qc2 Rd7 36. Rxd7 Qxd7 37. Bf1 Bb5 38. Bxb5 Qxb5 39. Kg2 h5 40. Kf2
Qd5 41. g4 hxg4 42. hxg4 Kh7 43. g5 Kg8 44. Kg3 Kh7 45. a4 Kg8 46. a5 Kh7 47.
Kf2 Kg8 48. Ke1 Kh7 49. Qc3 Qa2 50. Qd4 Qc2 51. Qd2 Qc4 52. Kd1 Kg8 53. Qd8+
Kh7 54. Qd4 Qc6 55. Kd2 Kg8 56. Qc3 Qd5+ 57. Kc1 Kh7 58. Qd4 Qc6+ 59. Kb2 Kg8
60. Qd8+ Kh7 61. Qd2 Qc4 62. Qc3 Qd5 63. Qd4 Qc6 64. Kb3 Qe6+ 65. Qc4 Qe7 66.
Qd5 Qe8 67. Qxb7 Qe6+ 68. Kc3 Kg7 69. Qb6 Qa2 70. Qd4+ Kg8 71. Qxe4 Qa1+ 72.
Kc4 Qc1+ 73. Kd4 Qc8 74. Qd5 Kg7 75. Qd6 Qb7 76. Qe5+ Kg8 77. Qe8+ Kg7 78. Kc5
Qc7+ 79. Qc6 Qe7+ 80. Qd6 Qa7+ 81. Kc6 Kg8 82. Qd8+ Kh7 83. Qd7 Qxe3 84. Qxf7+
Kh8 85. Qf6+ Kh7 86. Qe5 Qd3 87. Qc7+ 1-0

[Event "II C.to Europeo seniores"]
[Site "Saint Vincent - Chatillon ITA"]
[Date "2002.10.05"]
[Round "8"]
[White "Kleiner, Bronislav"]
[Black "Lapienis, Donatas P."]
[Result "1/2-1/2"]
[WhiteElo "2271"]
[BlackElo "2287"]
[PlyCount "20"]
[EventDate "2002.09.28"]

1. d4 Nf6 2. c4 g6 3. Nc3 Bg7 4. e4 d6 5. f3 O-O 6. Nge2 Nc6 7. Be3 Re8 8. Nc1
a5 9. Be2 e5 10. dxe5 Nxe5 1/2-1/2

[Event "II C.to Europeo seniores"]
[Site "Saint Vincent - Chatillon ITA"]
[Date "2002.10.05"]
[Round "8"]
[White "Klovans, Janis"]
[Black "Bukal, Vladimir sr"]
[Result "1/2-1/2"]
[WhiteElo "2425"]
[BlackElo "2425"]
[PlyCount "43"]
[EventDate "2002.09.28"]

1. d4 e6 2. e4 d5 3. Nc3 Bb4 4. e5 c5 5. a3 Bxc3+ 6. bxc3 Ne7 7. h4 b6 8. h5 h6
9. Bb5+ Bd7 10. Bd3 Qc7 11. Nf3 Ba4 12. O-O Nd7 13. Bd2 Qc6 14. Rb1 a6 15. Nh4
Bb5 16. Qg4 Bxd3 17. cxd3 Rg8 18. c4 cxd4 19. Qxd4 Qc5 20. Be3 Qxd4 21. Bxd4
Rb8 22. Nf3 1/2-1/2

[Event "II C.to Europeo seniores"]
[Site "Saint Vincent - Chatillon ITA"]
[Date "2002.10.05"]
[Round "8"]
[White "Litvinov, Vladimir"]
[Black "MacDonald-Ross, Michael"]
[Result "1-0"]
[WhiteElo "2390"]
[BlackElo "2169"]
[PlyCount "87"]
[EventDate "2002.09.28"]

1. e4 c6 2. d4 d5 3. Nc3 dxe4 4. Nxe4 Nf6 5. Nxf6+ gxf6 6. Nf3 Bg4 7. Be3 e6 8.
g3 Nd7 9. Bg2 Qc7 10. c3 Bd6 11. Qb3 f5 12. Bg5 Rg8 13. Bh4 Qb6 14. Nd2 Qxb3
15. axb3 f6 16. b4 e5 17. b5 exd4 18. bxc6 bxc6 19. Bxc6 O-O-O 20. O-O dxc3 21.
bxc3 Bc5 22. Nb3 Bb6 23. Nd4 Ne5 24. Bg2 Rg6 25. h3 Bxd4 26. hxg4 Bb6 27. gxf5
Rh6 28. Rfd1 Nd3 29. Ra2 Nxf2 30. Rxd8+ Kxd8 31. Rxf2 Kd7 32. Kf1 Bxf2 33. Kxf2
Kd6 34. Ke3 Ke5 35. Bh3 Kd5 36. Kd3 Kc5 37. Bg4 a5 38. Kc2 Kd5 39. Kb3 Ke4 40.
Ka4 Kd3 41. Kxa5 Kxc3 42. Kb5 Kd4 43. Kc6 Ke5 44. Kd7 1-0

[Event "II C.to Europeo seniores"]
[Site "Saint Vincent - Chatillon ITA"]
[Date "2002.10.05"]
[Round "8"]
[White "Ljubisavljevic, Zivojin Z."]
[Black "Laco, Giuseppe"]
[Result "0-1"]
[WhiteElo "2275"]
[BlackElo "2136"]
[PlyCount "44"]
[EventDate "2002.09.28"]

1. d4 g6 2. e4 Bg7 3. c3 c6 4. f4 d6 5. Nf3 Qc7 6. Bc4 Nh6 7. O-O Bg4 8. h3
Bxf3 9. Qxf3 e6 10. f5 d5 11. exd5 cxd5 12. Bb5+ Nc6 13. fxe6 fxe6 14. Bxh6
Bxh6 15. Qf6 Kd7 16. Qh4 Be3+ 17. Kh1 Raf8 18. Rxf8 Rxf8 19. Qxh7+ Kc8 20. Qxg6
Nxd4 21. Na3 Nf5 22. Qxe6+ Kb8 0-1

[Event "II C.to Europeo seniores"]
[Site "Saint Vincent - Chatillon ITA"]
[Date "2002.10.05"]
[Round "8"]
[White "Neese, Hans-Joachim"]
[Black "Klundt, Klaus"]
[Result "1/2-1/2"]
[WhiteElo "2218"]
[BlackElo "2385"]
[PlyCount "41"]
[EventDate "2002.09.28"]

1. d4 Nf6 2. c4 g6 3. Nc3 Bg7 4. g3 O-O 5. Bg2 d6 6. Nf3 Nc6 7. d5 Na5 8. Nd2
c5 9. O-O a6 10. Qc2 Rb8 11. b3 b5 12. Rb1 e6 13. e4 bxc4 14. bxc4 Rxb1 15.
Ncxb1 exd5 16. exd5 Bf5 17. Qa4 Qb6 18. Ba3 Rb8 19. Re1 Nd7 20. Be4 Bxe4 21.
Rxe4 1/2-1/2

[Event "II C.to Europeo seniores"]
[Site "Saint Vincent - Chatillon ITA"]
[Date "2002.10.06"]
[Round "9"]
[White "Bukal, Vladimir sr"]
[Black "Rotstein, Jefim"]
[Result "1-0"]
[WhiteElo "2425"]
[BlackElo "2376"]
[PlyCount "105"]
[EventDate "2002.09.28"]

1. c4 e5 2. Nc3 d6 3. g3 f5 4. d4 exd4 5. Qxd4 Nc6 6. Qd2 Nf6 7. Bg2 Be7 8. Nh3
O-O 9. O-O Re8 10. b3 Bf8 11. Bb2 Ne5 12. Rad1 Qe7 13. Nf4 c6 14. Rfe1 a5 15.
Na4 Qc7 16. Bd4 Nfd7 17. Qc2 Nc5 18. Nxc5 dxc5 19. Bc3 a4 20. Qb2 g6 21. e4 Bg7
22. h3 fxe4 23. Rxe4 Bf5 24. Re3 Re7 25. g4 Bd7 26. Rde1 Rf7 27. Nd5 cxd5 28.
Bxd5 Bc6 29. Bxf7+ Nxf7 30. Bxg7 Ng5 31. Qf6 Ne4 32. Rxe4 Bxe4 33. Rxe4 Qxg7
34. Qxg7+ Kxg7 35. Re7+ Kf6 36. Rxb7 axb3 37. axb3 h5 38. Kg2 Kg5 39. Kg3 h4+
40. Kg2 Kf4 41. Rb6 g5 42. Rf6+ Ke4 43. Rf5 Kd4 44. Rxg5 Rc8 45. Rf5 Kc3 46.
Rf3+ Kd4 47. Rf4+ Kc3 48. g5 Rg8 49. Rg4 Kxb3 50. g6 Kc3 51. g7 Kd3 52. Kf3 Kc3
53. Ke3 1-0

[Event "II C.to Europeo seniores"]
[Site "Saint Vincent - Chatillon ITA"]
[Date "2002.10.06"]
[Round "9"]
[White "Cibulka, Vladimir"]
[Black "Neese, Hans-Joachim"]
[Result "1-0"]
[WhiteElo "2324"]
[BlackElo "2218"]
[PlyCount "61"]
[EventDate "2002.09.28"]

1. d4 d5 2. Nf3 Nf6 3. Bg5 Ne4 4. Bf4 c6 5. Nbd2 Bf5 6. c3 Nd7 7. e3 e6 8. Nxe4
Bxe4 9. Bd3 Nf6 10. O-O Be7 11. Ne5 O-O 12. Bxe4 Nxe4 13. f3 Nd6 14. Qe2 f5 15.
Nd3 Nf7 16. e4 Qd7 17. exf5 exf5 18. Be5 Rae8 19. f4 Bf6 20. Qd2 b6 21. Rae1
Re6 22. Rf3 Rfe8 23. Rfe3 Bd8 24. R1e2 Rg6 25. Qe1 h6 26. Qf2 Kh7 27. Qf3 Rge6
28. Qh3 g6 29. Ne1 Nd6 30. Qxh6+ Kg8 31. Qh8+ 1-0

[Event "II C.to Europeo seniores"]
[Site "Saint Vincent - Chatillon ITA"]
[Date "2002.10.06"]
[Round "9"]
[White "Harito, Roberto"]
[Black "Castiglioni, Nando"]
[Result "1-0"]
[WhiteElo "1600"]
[BlackElo "1450"]
[PlyCount "53"]
[EventDate "2002.09.28"]

1. e4 c5 2. Nf3 d6 3. d4 cxd4 4. Nxd4 Nf6 5. Nc3 a6 6. Be2 e6 7. O-O Be7 8. Be3
O-O 9. Kh1 Qc7 10. f4 Nc6 11. Bf3 Nxd4 12. Bxd4 e5 13. Be3 Rd8 14. Nd5 Nxd5 15.
exd5 b5 16. b3 Bf6 17. fxe5 Bxe5 18. Bd4 Bxd4 19. Qxd4 Qxc2 20. Be4 Qc7 21.
Rac1 Qe7 22. Rce1 Qf8 23. Bxh7+ Kxh7 24. Rxf7 Qxf7 25. Qh4+ Kg8 26. Qxd8+ Qf8
27. Re8 1-0

[Event "II C.to Europeo seniores"]
[Site "Saint Vincent - Chatillon ITA"]
[Date "2002.10.06"]
[Round "9"]
[White "Laco, Giuseppe"]
[Black "Lapienis, Donatas P."]
[Result "0-1"]
[WhiteElo "2136"]
[BlackElo "2287"]
[PlyCount "60"]
[EventDate "2002.09.28"]

1. c4 Nf6 2. Nc3 g6 3. e4 d6 4. d4 Bg7 5. f3 O-O 6. Be3 Nc6 7. Qd2 Re8 8. O-O-O
a6 9. g4 e5 10. d5 Nd4 11. g5 Nh5 12. Kb1 c5 13. dxc6 bxc6 14. Nce2 c5 15. Ng3
Nf4 16. Bxd4 cxd4 17. h4 Rb8 18. Bd3 Re7 19. Rc1 Reb7 20. b3 a5 21. Kc2 a4 22.
Rb1 Rb4 23. N1e2 Ng2 24. Nf1 Qb6 25. Nc1 Nf4 26. Kd1 axb3 27. axb3 Be6 28. Ra1
Rxb3 29. Nxb3 Qxb3+ 30. Bc2 Qxf3+ 0-1

[Event "II C.to Europeo seniores"]
[Site "Saint Vincent - Chatillon ITA"]
[Date "2002.10.06"]
[Round "9"]
[White "Ljubarskij, Juri"]
[Black "Kleiner, Bronislav"]
[Result "1-0"]
[WhiteElo "2329"]
[BlackElo "2271"]
[PlyCount "119"]
[EventDate "2002.09.28"]

1. e4 c6 2. d4 d5 3. f3 dxe4 4. fxe4 e5 5. Nf3 Be6 6. c3 Nf6 7. Bd3 Nbd7 8. O-O
h6 9. Nbd2 Be7 10. Qe2 O-O 11. Bc4 Bg4 12. h3 Bh5 13. g4 Bg6 14. dxe5 Ne8 15.
e6 fxe6 16. Bxe6+ Kh7 17. Nb3 Nd6 18. Bf5 Nxf5 19. exf5 Bf7 20. Be3 Re8 21. Qf2
Qc7 22. Rfe1 Bd6 23. Qc2 Kg8 24. c4 c5 25. Bf2 b6 26. Rad1 Ne5 27. Nxe5 Bxe5
28. Rd2 Bh2+ 29. Kg2 Rxe1 30. Bxe1 Be8 31. Kf1 Bf4 32. Re2 Bc6 33. f6 Qf7 34.
fxg7 Bf3 35. Rf2 Be3 36. Nd2 Bxf2 37. Bxf2 Bc6 38. b4 Kxg7 39. bxc5 Rf8 40.
Qc3+ Kg8 41. Qd4 b5 42. cxb5 Bxb5+ 43. Kg1 Bc6 44. a3 a6 45. Be3 Qc7 46. Bf2
Qf7 47. Bg3 Qd5 48. Qxd5+ Bxd5 49. Bd6 Rf7 50. a4 Kg7 51. Nf1 Rf3 52. Ng3 Ra3
53. Nf5+ Kf6 54. Kf2 Rxh3 55. a5 Ra3 56. Bc7 Rc3 57. Bb6 Ke5 58. Nxh6 Kf4 59.
Nf5 Rc2+ 60. Ke1 1-0

[Event "II C.to Europeo seniores"]
[Site "Saint Vincent - Chatillon ITA"]
[Date "2002.10.06"]
[Round "9"]
[White "MacDonald-Ross, Michael"]
[Black "Arkhangelsky, Boris"]
[Result "1/2-1/2"]
[WhiteElo "2169"]
[BlackElo "2406"]
[PlyCount "60"]
[EventDate "2002.09.28"]

1. d4 Nf6 2. Nf3 e6 3. e3 d5 4. Bd3 Be7 5. O-O O-O 6. b3 a5 7. a3 b6 8. c4 c5
9. Nc3 Bb7 10. Bb2 Ne4 11. Qc2 f5 12. Rad1 Nd7 13. cxd5 exd5 14. dxc5 Ndxc5 15.
Bc4 Nxc3 16. Qxc3 Bf6 17. Qc2 Rc8 18. Qb1 a4 19. b4 Ne4 20. Ba2 Kh8 21. Nd4 Qe8
22. Qd3 Be5 23. f4 Bf6 24. Rc1 Qd7 25. Rxc8 Rxc8 26. Rc1 Rxc1+ 27. Bxc1 g6 28.
Bb2 Kg7 29. Qc2 Ba6 30. Nc6 Kh6 1/2-1/2

[Event "II C.to Europeo seniores"]
[Site "Saint Vincent - Chatillon ITA"]
[Date "2002.10.06"]
[Round "9"]
[White "Murey, Jacob I."]
[Black "Gruzmann, Boris"]
[Result "1-0"]
[WhiteElo "2496"]
[BlackElo "2263"]
[PlyCount "73"]
[EventDate "2002.09.28"]

1. e4 e6 2. d4 d5 3. Nc3 Nf6 4. e5 Nfd7 5. f4 c5 6. Nf3 Nc6 7. Be3 a6 8. a3 b5
9. g3 cxd4 10. Nxd4 Nxd4 11. Bxd4 b4 12. axb4 Bxb4 13. Bg2 g6 14. O-O Bxc3 15.
bxc3 Rb8 16. Qe2 O-O 17. g4 Nb6 18. Rab1 Qc7 19. f5 Nc4 20. fxg6 fxg6 21. Rxf8+
Kxf8 22. Rf1+ Kg8 23. Qf2 Bb7 24. h4 Qg7 25. Bc5 a5 26. g5 Re8 27. Bh3 Bc8 28.
Qf4 a4 29. Bg4 a3 30. h5 h6 31. gxh6 g5 32. hxg7 gxf4 33. h6 Kh7 34. Bf8 Nxe5
35. Bh5 Rd8 36. Kf2 Bd7 37. Rg1 1-0

[Event "II C.to Europeo seniores"]
[Site "Saint Vincent - Chatillon ITA"]
[Date "2002.10.06"]
[Round "9"]
[White "Planas Ferret, Rosendo"]
[Black "Kahn, Manfred"]
[Result "1-0"]
[WhiteElo "2208"]
[BlackElo "2181"]
[PlyCount "59"]
[EventDate "2002.09.28"]

1. d4 d5 2. c4 e6 3. Nc3 Bb4 4. e3 Nf6 5. a3 Bxc3+ 6. bxc3 O-O 7. cxd5 exd5 8.
Bd3 Nc6 9. Ne2 Bg4 10. f3 Bh5 11. Ng3 Bg6 12. O-O Re8 13. Ra2 Na5 14. Re2 c5
15. Bb2 Rc8 16. e4 cxd4 17. cxd4 dxe4 18. fxe4 Nc4 19. Ba1 b5 20. Qb3 Qa5 21.
e5 Nd5 22. Bxg6 hxg6 23. Qf3 Rcd8 24. Qxf7+ Kh7 25. Re4 g5 26. Nf5 Qc7 27. Qh5+
Kg8 28. Qxg5 Re6 29. Rh4 Rc8 30. Qh5 1-0